| 000 | 01314nam a2200349Ia 4500 | ||
|---|---|---|---|
| 001 | ebr10662909 | ||
| 003 | CaPaEBR | ||
| 006 | m u | ||
| 007 | cr cn||||||||| | ||
| 008 | 091217s2010 nyu sb 001 0 eng d | ||
| 010 | _z 2009049867 | ||
| 020 | _z1608767515 | ||
| 020 | _z9781608767519 (pbk.) | ||
| 020 | _z9781612098050 | ||
| 040 |
_aCaPaEBR _cCaPaEBR |
||
| 035 | _a(OCoLC)703686940 | ||
| 050 | 1 | 4 |
_aHJ275.2 _b.G68 2010eb |
| 082 | 0 | 4 |
_a338.973/02 _222 |
| 245 | 0 | 2 |
_aA government guide to grants _h[electronic resource] / _cNathan E. Legaspi, editor. |
| 260 |
_aNew York : _bNova Science Publishers, _cc2010. |
||
| 300 | _axi, 101 p. | ||
| 490 | 0 | _aGrants and funding | |
| 504 | _aIncludes bibliographical references and index. | ||
| 533 |
_aElectronic reproduction. _bPalo Alto, Calif. : _cebrary, _d2013. _nAvailable via World Wide Web. _nAccess may be limited to ebrary affiliated libraries. |
||
| 650 | 0 |
_aGrants-in-aid _zUnited States. |
|
| 650 | 0 |
_aResearch grants _zUnited States. |
|
| 650 | 0 |
_aProposal writing for grants _zUnited States. |
|
| 655 | 7 |
_aElectronic books. _2local |
|
| 700 | 1 | _aLegaspi, Nathan E. | |
| 710 | 2 | _aebrary, Inc. | |
| 856 | 4 | 0 |
_uhttp://site.ebrary.com/lib/rucke/Doc?id=10662909 _zAn electronic book accessible through the World Wide Web; click to view |
| 999 |
_c172367 _d172367 |
||